000 00381cam a22001337a 4500
999 _c513010
_d513010
008 180718b-- xxu||||| |||| 00| 0 eng d
082 _aA45:J4/2017-18
100 _aUnited Nations Centre for Regional Development
_915229
245 _aAnnual report, 2017-18
260 _aNagoya
_bThe author
_c2018
300 _a49p.
500 _aLibrary has 2000, 2010-2011,2017-18
942 _2ddc